000 00642nam a2200241Ia 4500
003 OSt
005 20221005091222.0
006 a|||||r|||| 00| 0
007 ta
008 221004b |||||||| |||| 00| 0 eng d
024 _a47724
037 _cTextual
040 _aCRL
_cCRL
_beng
041 _2eng
_aeng
082 _aO111973,3x, K1
100 _aHoffman Daniel
245 0 _aForm and fable in American fiction
260 _aNew York
_bOxford University USA
_c1961
300 _a368p.
_ccm.
650 _aENGLISH LITERATURE
942 _hO111973,3x, K1
_cTEXL
_2cc
999 _c996970
_d996970